The social context of innovation : Bureaucrats, families, and heroes in the early industrial revolution, as foreseen in Bacon's New Atlantis

Đã lưu trong:
Sonraí Bibleagrafaíochta
Príomhúdar: Wallace, Anthony F. C.
Formáid: Leabhar
Teanga:Undetermined
Foilsithe: Princeton Princeton University Press 1982
Ábhair:
Clibeanna: Cuir Clib Leis
Gan Chlibeanna, Bí ar an gcéad duine leis an taifead seo a chlibeáil!
Thư viện lưu trữ: Trung tâm Học liệu Trường Đại học Cần Thơ
LEADER 00629nam a2200193Ia 4500
001 CTU_85275
008 210402s9999 xx 000 0 und d
082 |a 338.4 
082 |b W189 
100 |a Wallace, Anthony F. C. 
245 4 |a The social context of innovation : 
245 0 |b Bureaucrats, families, and heroes in the early industrial revolution, as foreseen in Bacon's New Atlantis 
245 0 |c Anthony F. C. Wallace 
260 |a Princeton 
260 |b Princeton University Press 
260 |c 1982 
650 |a Iron industry and trade 
904 |i Năm 
980 |a Trung tâm Học liệu Trường Đại học Cần Thơ